| 000 | 02292cam a2200373 i 4500 | ||
|---|---|---|---|
| 001 | 10105588 | ||
| 003 | CaAEU | ||
| 005 | 20251124110436.0 | ||
| 008 | 211013t20222022enk e b 001 0 eng d | ||
| 015 |
_aGBC218510 _2bnb |
||
| 016 | 7 |
_a020481636 _2Uk |
|
| 020 | _a9781399400657 | ||
| 035 | _aon1308597449 | ||
| 039 | _aexclude | ||
| 040 |
_aUKMGB _beng _erda _cUKMGB _dOCLCO _dUKMGB _dOCLCF _dIEB _dGL4 _dOQX _dSISPL _dVP@ _dYDX _dIMT _dIAD _dCANPU _dCDX _dAEVC |
||
| 041 | _aeng | ||
| 050 | 4 |
_aHF5383 _b.G48 2022 |
|
| 245 | 0 | 0 |
_aGet that job _b: CVs and resumes : how to make sure you stand out from the crowd. |
| 246 | 3 | 0 | _aCVs and resumes |
| 246 | 3 | _aCurriculum vitae and resumes | |
| 250 | _aRevised and updated edition. | ||
| 260 |
_aLondon ; _aNew York, NY : _bBloomsbury Business, _c2022. |
||
| 300 |
_a95 pages ; _c18 cm. |
||
| 490 | _aBusiness essentials | ||
| 500 | _aPreviously published in 2004 and 2009. | ||
| 504 | _aIncludes bibliographical references and index. | ||
| 505 | 0 | _aAssess yourself — Identifying your goals and your key skills — Preparing difference types of CV — Winning with your DV — Making an impact with your covering letter — Researching the job market — Choosing the right first job — Example functional CV — Example speculative chronological CV — Where to find more help. | |
| 520 | _aThe ultimate guide to marketing yourself in a CV or resume, and ensuring you make a professional impression in any job search. The job market has never been more competitive, and marketing yourself can be tricky. And nothing raises a red flag for an employer than a poorly-written or badly-presented CV or resume. This handy guide offers practical, step-by-step advice on preparing, writing, and presenting an impressive document - either on paper or online - that will help you to 'get your foot in the door' with prospective employers. Covering essential issues such as identifying your goals, creating different types of CV, or coming up with a fantastic and persuasive letter to go with them, this is a must-read for job hunters at any stage of their career. | ||
| 650 | 0 |
_aRésumés (Employment) _96732 |
|
| 650 | 0 |
_aJob hunting _91762 |
|
| 650 | 0 |
_aCurriculum vitae _9928 |
|
| 710 |
_aBloomsbury (Firm) _epublisher _926264 |
||
| 942 | _2lcc | ||
| 999 |
_c5197 _d5197 |
||